覇者の条件 : 炎の男たち・三井

में बचाया:
ग्रंथसूची विवरण
निगमित लेखक: 旺文社
स्वरूप: पुस्तक
भाषा:Undetermined
प्रकाशित: 東京 旺文社 1985
विषय:
टैग : टैग जोड़ें
कोई टैग नहीं, इस रिकॉर्ड को टैग करने वाले पहले व्यक्ति बनें!
Thư viện lưu trữ: Trung tâm Học liệu Trường Đại học Cần Thơ
LEADER 00496nam a2200205Ia 4500
001 CTU_92372
008 210402s9999 xx 000 0 und d
082 |a 338.8 
082 |b O.14 
110 |a 旺文社 
245 0 |a 覇者の条件 : 
245 0 |b 炎の男たち・三井 
245 0 |c 旺文社 
260 |a 東京 
260 |b 旺文社 
260 |c 1985 
650 |a Corporations 
650 |z Japan 
904 |i Ngoc 
980 |a Trung tâm Học liệu Trường Đại học Cần Thơ